000 00295nam a2200121Ia 4500
008 191201s2001 xx 000 0 und d
100 _aCHAN, C.C.
245 0 _aModern Electrical Vehicle Technology
260 _aN. delhi
_bOxford
_c2001
300 _a300
650 _aB.Tech(ECE)
942 _2ddc
_cBK
999 _c442
_d442